书目信息 |
| 题名: |
小妇人
|
|
| 作者: | 奥尔科特 , 李四清 著 ;李四清 , 王璠 主编 | |
| 分册: | ||
| 出版信息: | 天津 天津科学技术出版社 2012 |
|
| 页数: | 233页 | |
| 开本: | 23cm | |
| 丛书名: | 读名著学英语·英汉双语经典阅读 | |
| 单 册: | ||
| 中图分类: | H319.4:I , I712.44 | |
| 科图分类: | ||
| 主题词: | 英语--ying yu--汉语--对照读物 , 长篇小说--chang pian xiao shuo--美国--近代 | |
| 电子资源: | ||
| ISBN: | 978-7-5308-6789-1 | |
| 000 | 01206nam 2200325 450 | |
| 001 | 2374173029 | |
| 005 | 20231109100803.45 | |
| 010 | @a978-7-5308-6789-1@dCNY45.00 | |
| 100 | @a20180123d2015 em y0chiy50 ea | |
| 101 | 1 | @achi@aeng@ceng |
| 102 | @aCN@b120000 | |
| 105 | @aa z 000ay | |
| 200 | 1 | @a小妇人@Axiao fu ren@d= Little Women@f李四清著@zeng |
| 210 | @a天津@c天津科学技术出版社@d2012 | |
| 215 | @a233页@c图@d23cm | |
| 225 | 2 | @a读名著学英语·英汉双语经典阅读@Adu ming zhu xue ying yu · ying han shuang yu jing dian yue du |
| 303 | @a据2015年3月第1版第2次印刷著录 | |
| 314 | @a书中题: 原著 (美) 路易莎·梅·艾考特 (Louisa May Alcott), 规范汉译姓为: 奥尔科特; 主编李四清; 编译王璠。 | |
| 410 | 0 | @12001 @a读名著学英语·英汉双语经典阅读 |
| 500 | 10 | @aLittle women@mChinese |
| 606 | 0 | @a英语@Aying yu@x汉语@j对照读物 |
| 606 | 0 | @a长篇小说@Achang pian xiao shuo@y美国@z近代 |
| 690 | @aH319.4:I@v5 | |
| 690 | @aI712.44@v5 | |
| 701 | 1 | @a奥尔科特@Aao er ke te@g(Alcott, Louisa May),@f1832-1888@4著 |
| 701 | 0 | @a李四清@Ali si qing@4著 |
| 702 | 0 | @a李四清@Ali si qing@4主编 |
| 702 | 0 | @a王璠@Awang fan@4编译 |
| 801 | 0 | @aCN@b山东中教@c20230926 |
| 905 | @aBZT@dH319.4:I@e176 | |
| 小妇人= Little Women/李四清著.-天津:天津科学技术出版社,2012 |
| 233页:图;23cm.-(读名著学英语·英汉双语经典阅读) |
| ISBN 978-7-5308-6789-1:CNY45.00 |
| ● |
| 相关链接 |
|
|
|
正题名:小妇人
索取号:H319.4:I/176
 
预约/预借
| 序号 | 登录号 | 条形码 | 馆藏地/架位号 | 状态 | 备注 |
| 1 | 2000966139 | 2000966139 | 第四书库/四009架B面6层4列/ [索取号:H319.4:I/176] | 在馆 | |
| 2 | 2000966140 | 2000966140 | 第四书库/四009架B面6层4列/ [索取号:H319.4:I/176] | 在馆 | |
| 3 | 2000966141 | 2000966141 | 第四书库/四009架B面6层4列/ [索取号:H319.4:I/176] | 在馆 | |
| 4 | 2000966142 | 2000966142 | 第四书库/四009架B面6层4列/ [索取号:H319.4:I/176] | 在馆 | |
| 5 | 2000966143 | 2000966143 | 第四书库/四009架B面6层4列/ [索取号:H319.4:I/176] | 在馆 | |
| 6 | 2000966144 | 2000966144 | 第四书库/四009架B面6层4列/ [索取号:H319.4:I/176] | 在馆 |